Radicalization in South Asia : (Record no. 168413)

MARC details
000 -LEADER
fixed length control field 00750nam a22002177a 4500
005 - DATE AND TIME OF LATEST TRANSACTION
control field 20191007150600.0
010 ## - LCCN (DPL NO)
LC control number ENG-126610
020 ## - INTERNATIONAL STANDARD BOOK NUMBER
International Standard Book Number 9789353285487
Terms of availability 1095.00
035 ## - SYSTEM CONTROL NUMBER
System control number EN-110142
037 ## - SOURCE OF ACQUISITION
Source of stock number/acquisition DBAD/PUB
082 ## - DEWEY DECIMAL CLASSIFICATION NUMBER
Classification number 320.530
245 ## - TITLE STATEMENT
Title Radicalization in South Asia :
Statement of responsibility, etc ed.by Mubashar Hasan, Kenji Isezali [and] Sameer Yasir
Remainder of title context, trajectories and implications /
260 ## - PUBLICATION, DISTRIBUTION, ETC. (IMPRINT)
Place of publication, distribution, etc New Delhi
Name of publisher, distributor, etc SAGE Publications
Date of publication, distribution, etc 2019
270 ## - ADDRESS
Address B1/1-1, Mohan Cooperative Industrial Area
City Mathura Road, New Delhi
Postal code 110044
Electronic mail address www.sagepub.in
300 ## - PHYSICAL DESCRIPTION
Extent xii,350p.
Dimensions 22cm(Hb)
500 ## - GENERAL NOTE
General note Includes index
700 ## - ADDED ENTRY--PERSONAL NAME
Personal name Hasan, Mubashar
700 ## - ADDED ENTRY--PERSONAL NAME
Personal name Isezaki, Kenji
700 ## - ADDED ENTRY--PERSONAL NAME
Personal name Yasir, Sameer
942 ## - ADDED ENTRY ELEMENTS (KOHA)
Source of classification or shelving scheme Dewey Decimal Classification
Item type English Books
Classification part 320.530
Call number suffix RAD
Holdings
Withdrawn status Lost status Not for loan Collection code Home library Current library Date acquired Source of acquisition Cost, normal purchase price Full call number Barcode Copy number Cost, replacement price Koha item type
      Non-fiction Central Library Central Library 07/10/2019 DBAD/PUB 1095.00 320.530 RAD EN-110142 1 1095.00 English Books

© Delhi Public Library
Hit Counter
free hit counter